000 00503nam a22001697a 4500
005 20251108165220.0
008 250721s1999 xx 000 0 ara d
082 1 4 _a819.5/مصر
100 1 _aالمصري، حسين مجيب
245 1 0 _aمن أدب الفرس و الترك /
264 1 _aالقاهرة :
_bالدار الثقافية للنشر،
_c1999.
300 _a255ص
650 1 7 _aالأدب الفارسي
650 1 7 _aالأدب التركي
942 _2ddc
_cBK
999 _c22347
_d22347